000 00317nam a22001457a 4500
003 OSt
008 240131b |||||||| |||| 00| 0 eng d
020 _a9781787461031
100 _aWODEHOUSE,PG
245 _aRight ho Jeeves
250 _a1st Ed
260 _aUK
_bPenguin
_c2022
300 _a294
942 _2ddc
_cREF
999 _c12215
_d12215